Phase transitions of the second order : collective variables method
Shranjeno v:
| Glavni avtor: | |
|---|---|
| Format: | Knjiga |
| Izdano: |
World Scientific
1987
|
| Oznake: |
Označite
Brez oznak, prvi označite!
|
| Thư viện lưu trữ: | Mạng thư viện Đại học Đà Nẵng |
|---|
| LEADER | 00660nam a2200229 a 4500 | ||
|---|---|---|---|
| 001 | 000030127 | ||
| 003 | 25302 | ||
| 005 | 20171030145630.0 | ||
| 008 | 171030s1987 | ||
| 040 | |a LTT | ||
| 082 | 0 | |a 530.13 |b YU-I | |
| 100 | 1 | |a Yukhnovskiĭ, Igor Rafailovich | |
| 245 | 0 | 0 | |a Phase transitions of the second order : collective variables method |c I.R. Yukhnovskii ; translated from the Russian by A.Y. Saban & S.N. Voitiuk. |
| 260 | |b World Scientific |c 1987 | ||
| 500 | |a VSVN | ||
| OWN | |a LTT | ||
| 999 | |a From the UDN01 | ||
| TYP | |a Monograph | ||
| TYP | |a Printed language | ||
| 980 | |a Mạng thư viện Đại học Đà Nẵng | ||